[Event "Ann Arbor (HVA/2/17)"]
[Site "?"]
[Date "1992.??.??"]
[Round "?"]
[White "McKinney, D."]
[Black "Koernke, R."]
[Result "0-1"]
[WhiteElo "1605"]
[BlackElo "1605"]
[PlyCount "92"]
[EventDate "1992.??.??"]

{2/(17)} 1. e4 c5 2. c3 e6 3. d4 cxd4 4. cxd4 d5 5. Nc3 Ne7 6. Bd3 g6 7. Nf3
Bg7 8. e5 O-O 9. Bg5 f6 10. exf6 Bxf6 11. Bxf6 Rxf6 12. Qd2 Qf8 13. h4 Nbc6 14.
h5 Qg7 15. Ke2 gxh5 16. Rxh5 Nxd4+ 17. Kd1 Nxf3 18. gxf3 Nf5 19. Nxd5 exd5 20.
Bxf5 Rxf5 21. Rxf5 Bxf5 22. Qxd5+ Qf7 23. Qxf7+ Kxf7 24. f4 Bg4+ 25. Ke1 Re8+
26. Kf1 Re7 27. Kg2 Kf6 28. Kg3 Kf5 29. Rc1 Be2 30. f3 Ba6 31. Rc5+ Kf6 32. b4
b6 33. Rc6+ Kf5 34. a4 Bb7 35. Rc3 Rg7+ 36. Kf2 Kxf4 37. Rc4+ Kf5 38. Ke3 Re7+
39. Kf2 h5 40. a5 Kg5 41. Kg3 Rh7 42. f4+ Kf5 43. Kh4 Bf3 44. Rd4 Rg7 45. axb6
Rg4+ 46. Kxh5 Rxf4+ 0-1

[Event "Detroit (MI Op/2/20)"]
[Site "?"]
[Date "1992.??.??"]
[Round "?"]
[White "McIntosh, S."]
[Black "Stone, Ray"]
[Result "0-1"]
[WhiteElo "1870"]
[BlackElo "2420"]
[PlyCount "74"]
[EventDate "1992.??.??"]

{2/(20)} 1. d4 Nf6 2. c4 g6 3. Nc3 d5 4. cxd5 Nxd5 5. e4 Nxc3 6. bxc3 c5 7. Bc4
Bg7 8. Be3 O-O 9. Ne2 Nc6 10. O-O Na5 11. Bd3 b6 12. dxc5 bxc5 13. Bxc5 Qc7 14.
Bb4 Nc4 15. Qc2 Bb7 16. Rac1 Rfc8 17. Bxc4 Qxc4 18. Ng3 e5 19. Qb3 a5 20. Bd6
Qc6 21. Rfd1 Ba6 22. Qd5 Bc4 23. Qxc6 Rxc6 24. Nf1 Bxa2 25. Ne3 Bb3 26. Rd3 Rd8
27. c4 a4 28. c5 Bf8 29. Rcc3 Bxd6 30. cxd6 Rcxd6 31. Rxd6 Rxd6 32. Rc8+ Kg7
33. Ra8 h5 34. Kf1 Rd2 35. Ke1 Ra2 36. Nd5 Bc4 37. Nc3 Rc2 0-1

[Event "Detroit (MI Op/6/30)"]
[Site "?"]
[Date "1992.??.??"]
[Round "?"]
[White "McIntosh, S."]
[Black "Jarosz, Stan"]
[Result "1/2-1/2"]
[WhiteElo "1870"]
[BlackElo "2000"]
[PlyCount "73"]
[EventDate "1992.??.??"]

{6/(30)} 1. e4 c5 2. Nf3 e6 3. d4 cxd4 4. Nxd4 Nf6 5. Nc3 d6 6. Be2 Be7 7. O-O
O-O 8. f4 a6 9. a4 Qc7 10. Kh1 Nc6 11. f5 e5 12. Nf3 h6 13. Bc4 b6 14. Nd5 Nxd5
15. Bxd5 Bb7 16. Ng1 Na5 17. Bxb7 Qxb7 18. c3 Nc6 19. f6 Bxf6 20. Rxf6 gxf6 21.
Bxh6 Ne7 22. Bxf8 Kxf8 23. Qxd6 Qxe4 24. Qxf6 Ng6 25. Qxb6 Nf4 26. Nf3 Qe2 27.
Qd6+ Kg8 28. Qd2 Qxd2 29. Nxd2 Rd8 30. Nf3 e4 31. Nd4 Nd3 32. b4 Nxb4 33. cxb4
Rxd4 34. Rb1 e3 35. Kg1 e2 36. Re1 Rxb4 37. Rxe2 1/2-1/2

[Event "Detroit (MI Op/4/32)"]
[Site "?"]
[Date "1992.??.??"]
[Round "?"]
[White "McIntosh, S."]
[Black "Bailey, Greg"]
[Result "0-1"]
[WhiteElo "1870"]
[BlackElo "2000"]
[PlyCount "116"]
[EventDate "1992.??.??"]

{4/(32)} 1. e4 e6 2. d4 d5 3. Nd2 Nf6 4. e5 Ng8 5. f4 c5 6. c3 Nc6 7. Ndf3 Bd7
8. Ne2 Qb6 9. g3 h5 10. Bh3 Nh6 11. Rb1 cxd4 12. cxd4 g6 13. Nc3 Nf5 14. Bxf5
gxf5 15. a3 Be7 16. Be3 Na5 17. Qd3 Nb3 18. Nd2 h4 19. Bf2 hxg3 20. Bxg3 Qxd4
21. Qxd4 Nxd4 22. Bf2 Bh4 23. Ne2 Bxf2+ 24. Kxf2 Nxe2 25. Kxe2 Rh4 26. Ke3 d4+
27. Kxd4 Rd8 28. Ke3 Bc6 29. Rhg1 Rxh2 30. Rg8+ Ke7 31. Rxd8 Kxd8 32. Nc4 Rh3+
33. Ke2 Ke7 34. Nd2 f6 35. exf6+ Kxf6 36. Rc1 Bb5+ 37. Nc4 Rh2+ 38. Ke3 Bxc4
39. Rxc4 Rxb2 40. Rc7 Rb3+ 41. Kf2 a5 42. Ke2 a4 43. Kf2 e5 44. fxe5+ Kxe5 45.
Rc4 Rxa3 46. Rb4 Rb3 47. Rxa4 b5 48. Ra8 Kf4 49. Rf8 Rb2+ 50. Kf1 Ke4 51. Ke1
f4 52. Re8+ Kf3 53. Rf8 Re2+ 54. Kf1 Re5 55. Rb8 Ke3 56. Rb7 Kd3 57. Rd7+ Kc3
58. Kf2 Rc5 0-1

[Event "Detroit (MOR/2/64)"]
[Site "?"]
[Date "1992.??.??"]
[Round "?"]
[White "McGrath, Michael"]
[Black "Smith, Rob"]
[Result "1-0"]
[WhiteElo "1605"]
[BlackElo "1700"]
[PlyCount "39"]
[EventDate "1992.??.??"]

{2/(64)} 1. e4 c5 2. c3 d6 3. d4 cxd4 4. cxd4 Nf6 5. Nc3 a6 6. Bg5 Nbd7 7. f4
Qa5 8. Qd2 e5 9. Nf3 Be7 10. Bxf6 Bxf6 11. Nd5 Qxd2+ 12. Kxd2 exd4 13. Nc7+ Ke7
14. Nxa8 Nc5 15. Bd3 Bd7 16. Nb6 Bc6 17. Rhe1 Nxd3 18. Kxd3 Bb5+ 19. Kd2 d3 20.
e5 1-0

[Event "Ann Arbor (HVA/5/4)"]
[Site "?"]
[Date "1992.??.??"]
[Round "?"]
[White "McGrath, Michael"]
[Black "Skidmore, Jennifer"]
[Result "0-1"]
[WhiteElo "1620"]
[BlackElo "1925"]
[PlyCount "66"]
[EventDate "1992.??.??"]

{5/(4)} 1. e4 c5 2. d4 cxd4 3. c3 dxc3 4. Nxc3 Nc6 5. Nf3 d6 6. Bc4 Nf6 7. e5
dxe5 8. Qxd8+ Nxd8 9. Nb5 Rb8 10. Nxe5 e6 11. Nc7+ Ke7 12. Bd2 Nc6 13. Na6 Nxe5
14. Bb4+ Kd8 15. O-O-O+ Bd7 16. Nxb8 Bxb4 17. Bb5 Ke7 18. Nxd7 Nexd7 19. f3 Nd5
20. a3 Bd6 21. g3 Be5 22. Rhe1 Bf6 23. Rxd5 Rc8+ 24. Kb1 Nb6 25. Rd3 a6 26. Rb3
axb5 27. Rxb5 Rc6 28. Rd1 Ke8 29. b3 Nd5 30. Rdxd5 exd5 31. Rxb7 Rc3 32. f4 d4
33. Kb2 d3 0-1

[Event "Detroit (MOR/6/64)"]
[Site "?"]
[Date "1992.??.??"]
[Round "?"]
[White "McGrath, Michael"]
[Black "Morrow, Chris"]
[Result "0-1"]
[WhiteElo "1605"]
[BlackElo "1765"]
[PlyCount "76"]
[EventDate "1992.??.??"]

{6/(64)} 1. e4 Nc6 2. d4 d5 3. Nc3 dxe4 4. Bb5 Bd7 5. Nxe4 a6 6. Ba4 b5 7. Bb3
e6 8. c3 Nf6 9. Qe2 Be7 10. Nxf6+ Bxf6 11. d5 Ne7 12. dxe6 Bxe6 13. Bxe6 fxe6
14. Qxe6 Qd5 15. Qxd5 Nxd5 16. Nf3 Nxc3 17. O-O Nd5 18. Re1+ Kf7 19. Ne5+ Bxe5
20. Rxe5 Rhe8 21. Rf5+ Nf6 22. Kf1 Re6 23. b3 Rae8 24. Bb2 Re2 25. Bd4 Rc2 26.
Be5 Kg6 27. Bxf6 Kxf5 28. Bxg7 c5 29. Bh6 Ree2 30. Rc1 Rxf2+ 31. Ke1 Rxc1+ 32.
Kxf2 Rc2+ 33. Kf3 Rxa2 34. g4+ Kg6 35. Bf8 c4 36. bxc4 bxc4 37. h4 c3 38. h5+
Kf7 0-1

[Event "Detroit (MOR/4/67)"]
[Site "?"]
[Date "1992.??.??"]
[Round "?"]
[White "McGrath, Michael"]
[Black "Calton, David A"]
[Result "0-1"]
[WhiteElo "1605"]
[BlackElo "1720"]
[PlyCount "110"]
[EventDate "1992.??.??"]

{4/(67)} 1. e4 e5 2. Nf3 Nf6 3. d4 exd4 4. e5 Ng4 5. h3 Nh6 6. Bxh6 gxh6 7.
Qxd4 Nc6 8. Qe4 Bg7 9. Nc3 O-O 10. Bd3 f5 11. Qd5+ Kh8 12. O-O-O Nb4 13. Qb5 a5
14. a3 Nxd3+ 15. Qxd3 Re8 16. Qxf5 d6 17. Qf4 Rf8 18. Qe4 Bf5 19. Qe3 Re8 20.
g4 Bg6 21. h4 Bxe5 22. Nxe5 Rxe5 23. Qxe5+ dxe5 24. Rxd8+ Rxd8 25. h5 Bf7 26.
Re1 Re8 27. b3 c6 28. Na4 Bd5 29. f4 e4 30. Kd2 Rg8 31. Rg1 Be6 32. f5 Bxf5 33.
Ke3 Bxg4 34. c3 Rg5 35. Nc5 Rxc5 36. Rxg4 Rxc3+ 37. Kxe4 Rxb3 38. Ke5 Rb5+ 39.
Kf6 Rxh5 40. Re4 Rg5 41. Re1 Rg8 42. Re4 b5 43. Kf7 Rc8 44. Rg4 c5 45. Ke6 b4
46. axb4 axb4 47. Kd5 b3 48. Kc4 Rb8 49. Rg1 b2 50. Rb1 h5 51. Kxc5 h4 52. Kc4
h3 53. Kc3 h2 54. Kc2 Rg8 55. Rh1 Rg1 0-1

[Event "Ann Arbor (HVA/4/8)"]
[Site "?"]
[Date "1992.??.??"]
[Round "?"]
[White "McGrath, Michael"]
[Black "Bolsen, J."]
[Result "1-0"]
[WhiteElo "1620"]
[BlackElo "1605"]
[PlyCount "69"]
[EventDate "1992.??.??"]

{4/(8)} 1. e4 e6 2. d4 d5 3. Nc3 Bb4 4. a3 Bxc3+ 5. bxc3 Ne7 6. Bd3 O-O 7. Qh5
Nd7 8. e5 Ng6 9. Nh3 Qh4 10. Bxg6 Qxh5 11. Bxh5 f6 12. exf6 Nxf6 13. Be2 Ne4
14. Bb2 Bd7 15. f3 Nd6 16. Nf2 Rae8 17. Ng4 Nf7 18. f4 Nd6 19. g3 b6 20. Ne5
Bc8 21. O-O-O c5 22. Rhe1 c4 23. Rd2 Ba6 24. Bf3 Re7 25. Rde2 Bb7 26. Bh5 Ne4
27. a4 Rb8 28. Bf3 Nf6 29. Ba3 Ree8 30. Ng4 Bc8 31. Nxf6+ gxf6 32. Bh5 Rd8 33.
Be7 Rd7 34. Bxf6 b5 35. Rxe6 1-0

[Event "Detroit (MOR/7/97)"]
[Site "?"]
[Date "1992.??.??"]
[Round "?"]
[White "McFolley, John"]
[Black "Raupp, Christine"]
[Result "1-0"]
[WhiteElo "1605"]
[BlackElo "1605"]
[PlyCount "49"]
[EventDate "1992.??.??"]

{7/(97)} 1. d4 f5 2. c4 e6 3. Nc3 Bb4 4. Nf3 Bxc3+ 5. bxc3 Nf6 6. Bg5 b6 7. e3
Bb7 8. Bd3 O-O 9. d5 exd5 10. cxd5 Bxd5 11. Bxf5 Bc6 12. e4 Qe8 13. Bxf6 Rxf6
14. Ng5 Rh6 15. Qb3+ d5 16. O-O Kh8 17. exd5 Qe5 18. Nf7+ Kg8 19. Nxe5 Be8 20.
d6+ Kh8 21. Nf7+ Bxf7 22. Qxf7 Nc6 23. Rfe1 g6 24. Qf6+ Kg8 25. Be6# 1-0

[Event "Detroit (MOR/2/87)"]
[Site "?"]
[Date "1992.??.??"]
[Round "?"]
[White "McFolley, John"]
[Black "Moore, Robert"]
[Result "1/2-1/2"]
[WhiteElo "1605"]
[BlackElo "1765"]
[PlyCount "82"]
[EventDate "1992.??.??"]

{2/(87)} 1. d4 g6 2. Nf3 Bg7 3. e3 d6 4. Nbd2 Nd7 5. Bd3 c5 6. c3 cxd4 7. cxd4
Ngf6 8. O-O O-O 9. e4 Nb6 10. h3 Nh5 11. Nc4 Nxc4 12. Bxc4 e6 13. e5 dxe5 14.
dxe5 Qc7 15. Qe2 Bh8 16. g4 Ng7 17. Bh6 Rd8 18. Ng5 Ne8 19. Qf3 Bxe5 20. Bxe6
Bxe6 21. Nxe6 Qe7 22. Nxd8 Rxd8 23. Rfe1 Qc7 24. Qe4 f6 25. Rac1 Qf7 26. Re2
Rd4 27. Qe3 Qd7 28. Rce1 Rd3 29. Qc5 Nd6 30. Kf1 b6 31. Qb4 Rxh3 32. Bc1 Qc6
33. Re3 Rh1+ 34. Ke2 Rxe1+ 35. Qxe1 Nc4 36. Rb3 Qe4+ 37. Kf1 Qxg4 38. Rc3 Qh4
39. Rg3 Kf7 40. Qd1 g5 41. Qd7+ Kf8 1/2-1/2

[Event "Detroit (MOR/5/88)"]
[Site "?"]
[Date "1992.??.??"]
[Round "?"]
[White "McFolley, John"]
[Black "McGrath, Michael"]
[Result "0-1"]
[WhiteElo "1605"]
[BlackElo "1605"]
[PlyCount "61"]
[EventDate "1992.??.??"]

{5/(88)} 1. d4 Nf6 2. c4 c5 3. d5 b5 4. b3 g6 5. Bg5 Bg7 6. Nd2 bxc4 7. bxc4
Qa5 8. Qc2 d6 9. e4 O-O 10. Bxf6 Bxf6 11. Rc1 Na6 12. Qb3 Rb8 13. Qe3 Rb2 14.
Ngf3 Bd7 15. Be2 Rxa2 16. O-O Nb4 17. Qh6 Bg7 18. Qh4 Re8 19. Nb3 Qa3 20. Nfd2
a5 21. Rfd1 a4 22. Nxc5 dxc5 23. Nb1 Qb2 24. Bf1 Bd4 25. Nd2 a3 26. Rb1 Qc2 27.
Rbc1 Qxd2 28. Rxd2 Rxd2 29. Kh1 a2 30. f3 f6 31. Qe1 0-1

[Event "Detroit (MOR/1b/47)"]
[Site "?"]
[Date "1992.??.??"]
[Round "?"]
[White "McFolley, John"]
[Black "Letourneau, Keith"]
[Result "0-1"]
[WhiteElo "1605"]
[BlackElo "1670"]
[PlyCount "110"]
[EventDate "1992.??.??"]

1. d4 e6 2. c4 Nf6 3. Nc3 Bb4 4. Bg5 h6 5. Bh4 c5 6. e3 Qa5 7. Nge2 Ne4 8. Qc2
cxd4 9. exd4 Nxc3 10. Nxc3 Nc6 11. Qd2 O-O 12. a3 e5 13. d5 Nd4 14. Qc1 Nb3 15.
axb4 Qxa1 16. Qxa1 Nxa1 17. Be2 Nc2+ 18. Kd2 Nd4 19. Bd3 f5 20. f4 e4 21. Bb1
a5 22. b5 Re8 23. Bf2 Nb3+ 24. Ke2 a4 25. Bc2 d6 26. Rb1 e3 27. Be1 Nd4+ 28.
Kd3 Nxc2 29. Kxc2 g5 30. g3 gxf4 31. gxf4 Kf7 32. Ra1 Rg8 33. Bg3 h5 34. Kd3 h4
35. Bxh4 Rg2 36. Bg3 Rxb2 37. Rxa4 Rxa4 38. Nxa4 Rb3+ 39. Nc3 Kg6 40. h4 Kh5
41. Kc2 Rb4 42. Kd3 Kg4 43. Bh2 Kf3 44. Kc2 Rxc4 45. Kd3 Rxf4 46. Bxf4 Kxf4 47.
Ne2+ Kf3 48. h5 f4 49. h6 Bf5+ 50. Kc4 Kxe2 51. h7 Bxh7 52. b6 Kd2 53. Kd4 e2
54. Kc4 e1=Q 55. Kd4 Qe4# 0-1

[Event "Flint (Class DE/4)"]
[Site "?"]
[Date "1992.??.??"]
[Round "?"]
[White "McElhiney, K."]
[Black "Patterson, S."]
[Result "1-0"]
[WhiteElo "1605"]
[BlackElo "1605"]
[PlyCount "105"]
[EventDate "1992.??.??"]

1. e4 d5 2. d3 e6 3. Nf3 Bc5 4. d4 Bd6 5. e5 Be7 6. Nc3 h6 7. Bd3 Nd7 8. O-O a6
9. a3 b5 10. b4 Nb6 11. Be3 Bd7 12. Ne2 Na4 13. c3 Nb2 14. Qc2 Nxd3 15. Qxd3 g6
16. Nf4 h5 17. h4 Nh6 18. Nxg6 fxg6 19. Qxg6+ Nf7 20. Ng5 Bxg5 21. Bxg5 Qc8 22.
Bf6 Rf8 23. Qxh5 Bc6 24. Qg6 Kd7 25. Bg7 Nh8 26. Bxh8 Rxh8 27. Qg7+ Kd8 28.
Qxh8+ Ke7 29. Qxc8 Rxc8 30. f4 Rh8 31. g3 Rh5 32. Kg2 Rf5 33. g4 Rf7 34. g5 Be8
35. Kg3 Rf5 36. Kg4 Kf8 37. h5 Kg7 38. Rh1 c6 39. h6+ Kh7 40. a4 Bf7 41. axb5
axb5 42. Ra7 Kh8 43. h7 Bg6 44. Rh6 Rf7 45. Rxf7 Bxf7 46. g6 Bxg6 47. Rxg6 Kxh7
48. Kh5 c5 49. Rxe6 c4 50. f5 Kg8 51. Kg6 Kf8 52. f6 Kg8 53. Re8# 1-0

[Event "Flint (Class DE/2)"]
[Site "?"]
[Date "1992.??.??"]
[Round "?"]
[White "McElhiney, K."]
[Black "Berlinger, Brian"]
[Result "1-0"]
[WhiteElo "1605"]
[BlackElo "1605"]
[PlyCount "67"]
[EventDate "1992.??.??"]

1. e4 e5 2. Nf3 Nc6 3. Bc4 Nf6 4. Nc3 h6 5. d4 Ng4 6. d5 Bc5 7. dxc6 Nxf2 8.
Qd5 O-O 9. Qxc5 Nxh1 10. cxd7 Qxd7 11. Nxe5 Qd8 12. Be3 Be6 13. Bd5 Qf6 14.
Bxe6 b6 15. Qxc7 fxe6 16. O-O-O Rac8 17. Qd6 Nf2 18. Nd7 Rfd8 19. Nxf6+ gxf6
20. Qxe6+ Kg7 21. Rxd8 Rxd8 22. Qe7+ Kg6 23. Qxd8 Ng4 24. Qg8+ Kh5 25. Qf7+ Kh4
26. g3+ Kh3 27. Qh5+ Kg2 28. Qxg4 Kxh2 29. Kd1 f5 30. exf5 h5 31. Qxh5+ Kxg3
32. Ne2+ Kg2 33. Qg4+ Kf1 34. Qg1# 1-0

[Event "Flint (Beg/5)"]
[Site "?"]
[Date "1992.??.??"]
[Round "?"]
[White "McCormick, K."]
[Black "Velasquez, A."]
[Result "0-1"]
[WhiteElo "1605"]
[BlackElo "1605"]
[PlyCount "58"]
[EventDate "1992.??.??"]

1. d4 Nf6 2. Nf3 d6 3. c4 g6 4. Nc3 Bg7 5. b4 O-O 6. e3 Nc6 7. a3 e5 8. d5 Ne7
9. e4 a6 10. h3 Bd7 11. Bd3 Nc8 12. Be3 Na7 13. Bxa7 Rxa7 14. a4 Qc8 15. b5 Nh5
16. Ne2 Bh6 17. g4 Nf4 18. Nxf4 Bxf4 19. Nh4 c6 20. Ng2 Bh6 21. b6 Ra8 22. a5
cxd5 23. Qe2 dxc4 24. Bxc4 Bb5 25. Ne3 Bxe3 26. Qxe3 Qxc4 27. Rc1 Qb4+ 28. Rc3
Rac8 29. Kd2 Qb2+ 0-1

[Event "Flint (Beg/2)"]
[Site "?"]
[Date "1992.??.??"]
[Round "?"]
[White "McCormick, K."]
[Black "Schultz, D."]
[Result "0-1"]
[WhiteElo "1605"]
[BlackElo "1605"]
[PlyCount "102"]
[EventDate "1992.??.??"]

1. d4 d5 2. c4 c6 3. Qb3 Nf6 4. Bg5 Ne4 5. Bh4 g5 6. Bg3 Bg7 7. f3 Nxg3 8. hxg3
Bxd4 9. cxd5 Qxd5 10. Nc3 Qxb3 11. axb3 f5 12. O-O-O Be3+ 13. Kc2 Be6 14. Kd3
Bc5 15. Rh6 Bxb3 16. Re1 Bxg1 17. e4 Nd7 18. Ne2 Nc5+ 19. Kc3 Bf2 20. Rc1 fxe4
21. fxe4 Rd8 22. Kb4 b6 23. Rxc6 Kd7 24. R6xc5 bxc5+ 25. Kxb3 Rb8+ 26. Ka3 a5
27. Rd1+ Kc6 28. Nc3 Bxg3 29. Bc4 Rb4 30. Bd5+ Kc7 31. b3 h5 32. Bf7 Rbb8 33.
Nd5+ Kb7 34. Nxe7 Rbd8 35. Rxd8 Rxd8 36. Bxh5 Bd6 37. Nf5 Kb6 38. Nxd6 Rxd6 39.
Bf7 g4 40. e5 Rd7 41. Bc4 g3 42. e6 Re7 43. Kb2 Kc6 44. Kc3 Kd6 45. Kd3 Ke5 46.
Ke3 Rb7 47. Kf3 Rg7 48. e7 Rxe7 49. Kxg3 Kd4 50. Kf4 a4 51. g4 a3 0-1

[Event "Flint (Beg/1)"]
[Site "?"]
[Date "1992.??.??"]
[Round "?"]
[White "McCormick, K."]
[Black "Maralason, D."]
[Result "0-1"]
[WhiteElo "1605"]
[BlackElo "1605"]
[PlyCount "78"]
[EventDate "1992.??.??"]

1. e4 e5 2. c3 Nc6 3. d4 d6 4. d5 Nce7 5. Nf3 Nf6 6. Bd3 h6 7. Be3 c6 8. c4 c5
9. h3 Ng6 10. Na3 a6 11. g4 Nf4 12. Bxf4 exf4 13. Qd2 Qb6 14. O-O Nd7 15. b3
Ne5 16. Nxe5 dxe5 17. Qe2 Be7 18. Rad1 Bh4 19. Bb1 Qf6 20. f3 Qd6 21. Rd3 Bd7
22. Nc2 b5 23. a4 O-O 24. Na3 bxa4 25. Rc1 axb3 26. Rxb3 Ba4 27. Rb7 Rab8 28.
Rxb8 Rxb8 29. Bc2 Rb2 30. Rb1 Ra2 31. Qd3 Bxc2 32. Nxc2 Qd8 33. d6 Qa5 34. d7
Kh7 35. Kf1 Qa4 36. Ke2 Rxc2+ 37. Kd1 Rc3+ 38. Kd2 Rxd3+ 39. Kxd3 Qxd7+ 0-1

[Event "Ann Arbor (HVA/3/11)"]
[Site "?"]
[Date "1992.??.??"]
[Round "?"]
[White "McCarter, Robert"]
[Black "Wright, Ken"]
[Result "1-0"]
[WhiteElo "1700"]
[BlackElo "1605"]
[PlyCount "69"]
[EventDate "1992.??.??"]

{3/(11)} 1. d4 Nf6 2. Nf3 d5 3. e3 g6 4. c4 Bg7 5. Nc3 dxc4 6. Bxc4 c6 7. O-O
Bg4 8. h3 Bxf3 9. Qxf3 O-O 10. Bd2 Nbd7 11. Rac1 Nb6 12. Bb3 Rc8 13. Rfd1 Nbd7
14. Na4 Re8 15. Bb4 b5 16. Nc5 e6 17. Nb7 Qb6 18. Nd6 Rc7 19. Nxe8 Nxe8 20. Rc2
a5 21. Bd2 a4 22. Bxe6 fxe6 23. Rdc1 Nb8 24. Qe4 Nf6 25. Qxe6+ Kh8 26. Bb4 Qb7
27. Bd6 Qc8 28. Qxc8+ Rxc8 29. Bxb8 Rxb8 30. Rxc6 h6 31. Rc8+ Rxc8 32. Rxc8+
Kh7 33. Rb8 a3 34. bxa3 Bf8 35. Rxf8 1-0

[Event "East Lansing (MI Am/2)"]
[Site "?"]
[Date "1992.??.??"]
[Round "?"]
[White "McCarter, Robert"]
[Black "Vorhauer, Sam"]
[Result "1-0"]
[WhiteElo "1720"]
[BlackElo "1605"]
[PlyCount "173"]
[EventDate "1992.??.??"]

1. d4 d5 2. Nf3 Nf6 3. e3 c6 4. Bd3 e6 5. O-O Bd6 6. b3 Nbd7 7. Nbd2 e5 8. dxe5
Nxe5 9. Be2 O-O 10. Bb2 Re8 11. Nxe5 Bxe5 12. Bxe5 Rxe5 13. Nf3 Re7 14. c4 Bg4
15. cxd5 Rd7 16. Qc2 Bxf3 17. Bxf3 cxd5 18. Rfd1 Rc8 19. Qb2 Rc6 20. Rac1 a6
21. Rxc6 bxc6 22. Qa3 Qb6 23. Rc1 h5 24. Rc5 g5 25. Ra5 g4 26. Be2 Qc7 27. Rxa6
Ne4 28. Ra8+ Rd8 29. Qa5 Qxa5 30. Rxa5 Nc3 31. Bd3 Kg7 32. Rc5 Nxa2 33. Rxc6
Nb4 34. Rc3 Nxd3 35. Rxd3 Rc8 36. f3 Rc1+ 37. Kf2 Rc2+ 38. Kg3 gxf3 39. gxf3
h4+ 40. Kh3 Rf2 41. f4 Rf3+ 42. Kg4 Rf2 43. h3 Rb2 44. Kxh4 Kg6 45. Kg3 Rb1 46.
Kh4 Kf6 47. Rxd5 Rxb3 48. Re5 Rb8 49. Kg4 Rg8+ 50. Rg5 Re8 51. Kf3 Rh8 52. Rg3
Rb8 53. h4 Ke6 54. h5 Rh8 55. Rh3 Rh6 56. e4 f5 57. e5 Kd5 58. Ke3 Rc6 59. Rh4
Rh6 60. Kd3 Kc5 61. Rh2 Kd5 62. Rh1 Kc5 63. Ke3 Kc4 64. Kf3 Kd4 65. Kg3 Kd5 66.
Kh4 Ke4 67. Kg5 Rh8 68. Re1+ Kd5 69. e6 Rg8+ 70. Kxf5 Rf8+ 71. Kg5 Rg8+ 72. Kh6
Rh8+ 73. Kg6 Kd6 74. e7 Re8 75. Kf7 Kd7 76. Rd1+ Kc6 77. Kxe8 Kc7 78. f5 Kc6
79. f6 Kc7 80. f7 Kc6 81. Kd8 Kb6 82. e8=Q Kc5 83. f8=Q+ Kc4 84. Qc6+ Kb3 85.
Qfc5 Ka2 86. Qa4+ Kb2 87. Qcb4# 1-0

[Event "Ann Arbor (HVA/1/16)"]
[Site "?"]
[Date "1992.??.??"]
[Round "?"]
[White "McCarter, Robert"]
[Black "Vangilder, W."]
[Result "1/2-1/2"]
[WhiteElo "1700"]
[BlackElo "1605"]
[PlyCount "64"]
[EventDate "1992.??.??"]

{1/(16)} 1. d4 Nf6 2. Nf3 e6 3. e3 Be7 4. c4 d5 5. Nc3 Nbd7 6. Bd2 O-O 7. Bd3
dxc4 8. Bxc4 c5 9. O-O cxd4 10. Nxd4 a6 11. Qf3 Ne5 12. Qe2 Nxc4 13. Qxc4 b5
14. Qe2 Bb7 15. Nf3 Ne4 16. Nxe4 Bxe4 17. Rfc1 Qb6 18. Bc3 Rfd8 19. Bd4 Qb7 20.
Ne1 Bb4 21. Qg4 Bg6 22. Nf3 Bf8 23. Ne5 Qe4 24. Qxe4 Bxe4 25. f3 Bd5 26. e4
Bxe4 27. Bb6 Rd5 28. Nxf7 Bxf3 29. gxf3 Kxf7 30. Rc7+ Kg8 31. Rac1 Rad8 32.
R1c2 Rd1+ 1/2-1/2

[Event "Detroit (MOR/4/78)"]
[Site "?"]
[Date "1992.??.??"]
[Round "?"]
[White "McCarter, Robert"]
[Black "Thomas, Oscar"]
[Result "1-0"]
[WhiteElo "1785"]
[BlackElo "1605"]
[PlyCount "115"]
[EventDate "1992.??.??"]

{4/(78)} 1. d4 d5 2. Nf3 e6 3. e3 Nf6 4. Bd3 Bd6 5. O-O O-O 6. Nbd2 Nbd7 7. Qe2
Re8 8. c4 c6 9. b3 c5 10. Bb2 b6 11. Ne5 Nxe5 12. dxe5 Be7 13. exf6 Bxf6 14.
Bxf6 Qxf6 15. Nf3 dxc4 16. Be4 Rb8 17. Qxc4 e5 18. Qc2 g6 19. Rad1 Bg4 20. Rd2
Re7 21. Rfd1 Rc7 22. Rd6 Qe7 23. h3 Bxf3 24. Bxf3 b5 25. Qd2 Kg7 26. Rd7 Rxd7
27. Qxd7 Qxd7 28. Rxd7 c4 29. bxc4 bxc4 30. Bd5 Rb1+ 31. Kh2 c3 32. Rxf7+ Kh6
33. Rc7 Rc1 34. Be4 a5 35. Kg3 Ra1 36. Rxc3 Rxa2 37. Rc5 a4 38. Rxe5 a3 39. Ra5
Ra1 40. Bd5 Kg7 41. Ra6 Kh6 42. e4 Kg5 43. f4+ Kh6 44. e5 Re1 45. Rxa3 Re2 46.
Kf3 Rb2 47. Re3 Kh5 48. e6 g5 49. fxg5 Kxg5 50. e7 Rb8 51. e8=Q Rxe8 52. Rxe8
h5 53. Rg8+ Kf6 54. Kf4 Ke7 55. Ke5 Kd7 56. Rg7+ Ke8 57. Kd6 h4 58. Rg8# 1-0

[Event "Detroit (Pan Am/5)"]
[Site "?"]
[Date "1992.??.??"]
[Round "?"]
[White "McCarter, Robert"]
[Black "Smith, Mike A"]
[Result "0-1"]
[WhiteElo "1700"]
[BlackElo "1860"]
[PlyCount "74"]
[EventDate "1992.??.??"]

1. d4 Nf6 2. Nf3 c5 3. e3 cxd4 4. exd4 d5 5. Bd3 Bg4 6. h3 Bh5 7. O-O e6 8. c3
Bd6 9. Be3 O-O 10. Nbd2 Nbd7 11. Re1 Rb8 12. Qc2 Bg6 13. Bg5 Bxd3 14. Qxd3 h6
15. Bh4 b5 16. Ne5 Qc7 17. Bg3 Rfd8 18. Qe3 Nb6 19. f4 Nc4 20. Ndxc4 bxc4 21.
Re2 Ne4 22. Bh2 Rb6 23. Qc1 Rdb8 24. Rb1 Qb7 25. Qc2 Bxe5 26. fxe5 a5 27. Bf4
a4 28. a3 Rb3 29. Ree1 Nxc3 30. bxc3 Rxb1 31. Rxb1 Qxb1+ 32. Qxb1 Rxb1+ 33. Kf2
Rb3 34. Bd2 Rxa3 35. Ke2 Rb3 36. Kd1 a3 37. Kc2 a2 0-1

[Event "Detroit (Pan Am/4)"]
[Site "?"]
[Date "1992.??.??"]
[Round "?"]
[White "McCarter, Robert"]
[Black "Sajkowski, D."]
[Result "1/2-1/2"]
[WhiteElo "1700"]
[BlackElo "1900"]
[PlyCount "79"]
[EventDate "1992.??.??"]

1. d4 Nf6 2. Nf3 g6 3. Bg5 Bg7 4. Nbd2 d6 5. e3 O-O 6. Bd3 Nc6 7. c3 Qe8 8.
Bxf6 Bxf6 9. d5 Ne5 10. Nxe5 Bxe5 11. f4 Bg7 12. O-O c6 13. e4 cxd5 14. exd5
Qd8 15. Kh1 Qa5 16. Qb3 b6 17. Rad1 Bg4 18. Nf3 Qc5 19. Rde1 Bxf3 20. Rxf3 Bf6
21. Re2 a6 22. c4 Rfb8 23. Qc2 Re8 24. f5 g5 25. Qd2 Kg7 26. Rg3 h6 27. h4 Rh8
28. h5 Rhc8 29. Rg4 a5 30. Qe3 Qxe3 31. Rxe3 Be5 32. b3 b5 33. Re1 bxc4 34.
Rxc4 Rxc4 35. Bxc4 Kf6 36. g4 Bd4 37. Re2 Bc5 38. Kg2 a4 39. Kf3 axb3 40. Bxb3
1/2-1/2

[Event "Detroit (Pan Am/2)"]
[Site "?"]
[Date "1992.??.??"]
[Round "?"]
[White "McCarter, Robert"]
[Black "Robbins, Fred"]
[Result "0-1"]
[WhiteElo "1700"]
[BlackElo "1945"]
[PlyCount "120"]
[EventDate "1992.??.??"]

1. d4 Nf6 2. Nf3 e6 3. e3 b6 4. Bd3 Bb7 5. Nbd2 d5 6. Qe2 Ne4 7. O-O Bd6 8. c4
Nd7 9. cxd5 exd5 10. Nb3 O-O 11. Bd2 c5 12. dxc5 Ndxc5 13. Nxc5 Bxc5 14. b4 Bd6
15. Rac1 Qf6 16. Rc2 Rfc8 17. Rxc8+ Rxc8 18. Rb1 Nxd2 19. Qxd2 Qc3 20. Qxc3
Rxc3 21. Be2 Rc2 22. Nd4 Rxa2 23. b5 Bc5 24. Bf1 Kf8 25. Rd1 Ke7 26. Nf5+ Kf6
27. Nd4 Bxd4 28. Rxd4 Ke5 29. Rh4 h6 30. Rh5+ Kf6 31. g3 Rc2 32. Bd3 Rc5 33.
Rf5+ Ke6 34. Rf4 Rc1+ 35. Kg2 Ra1 36. Bf5+ Ke5 37. Bd7 f6 38. Rd4 Ra5 39. h4
Kd6 40. Be8 Ke5 41. f3 Ke6 42. Rd2 Ke7 43. Bc6 Bxc6 44. bxc6 Kd6 45. e4 Kxc6
46. exd5+ Rxd5 47. Re2 a5 48. Re8 a4 49. Rc8+ Kb7 50. Rg8 Rd7 51. Re8 b5 52.
Re3 Kb6 53. Kf2 b4 54. Re6+ Kb5 55. Ke3 a3 56. Re8 a2 57. Ra8 b3 58. Rb8+ Ka4
59. Ra8+ Kb4 60. Rb8+ Ka3 0-1

[Event "Ann Arbor (HVA/4/7)"]
[Site "?"]
[Date "1992.??.??"]
[Round "?"]
[White "McCarter, Robert"]
[Black "Kosanovich, M."]
[Result "0-1"]
[WhiteElo "1700"]
[BlackElo "1795"]
[PlyCount "76"]
[EventDate "1992.??.??"]

{4/(7)} 1. d4 Nf6 2. Nf3 g6 3. Bg5 Ne4 4. Bh4 c5 5. e3 Bg7 6. c3 O-O 7. Bd3 d5
8. dxc5 Nxc5 9. Bc2 Nc6 10. Nbd2 Qb6 11. Nb3 Na4 12. O-O Nxb2 13. Qxd5 Be6 14.
Qc5 Qxc5 15. Nxc5 Bc4 16. Rfc1 Bxc3 17. Be4 Na4 18. Nxa4 Bxa1 19. Rxa1 f6 20.
Bg3 Rfd8 21. h3 Rac8 22. Nc5 b5 23. Bc2 Nb4 24. Bxg6 hxg6 25. Ne4 Nxa2 26. Ned2
Bf7 27. e4 b4 28. e5 b3 29. Re1 Rc1 30. Rxc1 Nxc1 31. Nb1 Ne2+ 32. Kh2 Rd1 33.
Nfd2 b2 34. exf6 exf6 35. Bd6 Ba2 36. Ba3 Bxb1 37. Nxb1 Rxb1 38. g3 Rh1+ 0-1